<?xml version="1.0" encoding="UTF-8"?>
<record
    xmlns:xsi="http://www.w3.org/2001/XMLSchema-instance"
    xsi:schemaLocation="http://www.loc.gov/MARC21/slim http://www.loc.gov/standards/marcxml/schema/MARC21slim.xsd"
    xmlns="http://www.loc.gov/MARC21/slim">

  <leader>03556nam a22003617a 4500</leader>
  <controlfield tag="003">CHAP</controlfield>
  <controlfield tag="005">20250428114934.0</controlfield>
  <controlfield tag="008">080325d2004    es      r     00110 spa d</controlfield>
  <datafield tag="010" ind1=" " ind2=" ">
    <subfield code="a">94629</subfield>
  </datafield>
  <datafield tag="011" ind1=" " ind2=" ">
    <subfield code="a">95601</subfield>
  </datafield>
  <datafield tag="020" ind1=" " ind2=" ">
    <subfield code="a">848476186X</subfield>
  </datafield>
  <datafield tag="035" ind1=" " ind2=" ">
    <subfield code="a">106228</subfield>
  </datafield>
  <datafield tag="040" ind1=" " ind2=" ">
    <subfield code="c">CHAP</subfield>
  </datafield>
  <datafield tag="041" ind1=" " ind2=" ">
    <subfield code="a">spa</subfield>
    <subfield code="b">spa</subfield>
    <subfield code="f">spa</subfield>
    <subfield code="h">eng</subfield>
  </datafield>
  <datafield tag="082" ind1="0" ind2="4">
    <subfield code="a">PA 631.875</subfield>
    <subfield code="b">S8Y 2004</subfield>
  </datafield>
  <datafield tag="100" ind1="0" ind2="0">
    <subfield code="a">Stoffella, Peter J.</subfield>
    <subfield code="e">ed.</subfield>
    <subfield code="9">109853</subfield>
  </datafield>
  <datafield tag="245" ind1="1" ind2="0">
    <subfield code="a">Utilizaci&#xF3;n de compost en los sistemas de cultivo hort&#xED;cola</subfield>
    <subfield code="c">/ed. por Peter J. Stoffella and Brian A. Kahn</subfield>
  </datafield>
  <datafield tag="260" ind1=" " ind2=" ">
    <subfield code="a">Madrid. Esp. :</subfield>
    <subfield code="b">Mundi-Prensa,</subfield>
    <subfield code="c">2004</subfield>
  </datafield>
  <datafield tag="264" ind1=" " ind2=" ">
    <subfield code="a">Espa&#xF1;a :</subfield>
    <subfield code="b">Mundi - Prensa</subfield>
    <subfield code="c">2004</subfield>
  </datafield>
  <datafield tag="300" ind1=" " ind2=" ">
    <subfield code="a">xvii, 397 p. :</subfield>
    <subfield code="b">ilus.</subfield>
  </datafield>
  <datafield tag="505" ind1=" " ind2=" ">
    <subfield code="a">Es uno de los libro en establecer una visi&#xF3;n completa del conocimiento cient&#xED;fico existente en la utilizaci&#xF3;n del compost en las empresas de horticultura comercial. La utilizaci&#xF3;n del compost en los sistemas de cultivo hort&#xED;cola le ofrece una revisi&#xF3;n comprensiva, de la producci&#xF3;n, utilizaci&#xF3;n y econom&#xED;a del compost.    La utilizaci&#xF3;n del compost en los sistemas de cultivo hort&#xED;cola cubre los m&#xE9;todos de producci&#xF3;n, la calidad del compost y los par&#xE1;metros asociados con su medida, y los procesos biol&#xF3;gicos, qu&#xED;micos y f&#xED;sicos que ocurren durante el compostaje. Ahora, en vez de buscar la informaci&#xF3;n de diferentes fuentes, usted puede encontrar toda la informaci&#xF3;n que necesita en una sola fuente conveniente.</subfield>
  </datafield>
  <datafield tag="520" ind1=" " ind2=" ">
    <subfield code="a">Pr&#xF3;logo -- 
1.La industria de compostaje en Estados Unidos: pasado, presente y futuro -- 
2.Procesos biol&#xF3;gicos, qu&#xED;micos y f&#xED;sicos del compostaje --
3.Sistemas de producci&#xF3;n comercial de compost --
4.Propiedades cualitativas, medici&#xF3;n y variabilidad de los compost --
5.Efectos de los compost sobre el desarrollo y el rendimiento en horticultura comercial --
6. Utilizaci&#xF3;n de los compost en los sistemas de cultivo de plantas ornamentales, viveros y semilleros --
7.Utilizaci&#xF3;n de los compost en la arquitectura del paisaje --
8.Utilizaci&#xF3;n de los compost en los sistemas de produci&#xF3;n frutal --
9.Utilizaci&#xF3;n de los compost en la producci&#xF3;n de tepes y manejo de c&#xE9;spedes --
10. Los compost como sustratos para la horticultura en la producci&#xF3;n de material de trasplante --
11Econom&#xED;a del compost: producci&#xE7;on y utilizaci&#xF3;n en la agricultura --
12.Posibilidades y mecanismos que ofrecen los compost en el control de las enfermedades de las planta --
13.Control de las malas hierbas en los cultivos hort&#xED;colas con cobertura org&#xE1;nicas compostadas --
14.Los compost como fuentes de nitr&#xF3;geno, aportaci&#xF3;n a la mineralizaci&#xF3;n y ventajas para la nutrici&#xF3;n nitrogenada de las plantas --
15.Ventajas que suponen la utilizaci&#xF3;n de compost para la nutrici&#xF3;n fosf&#xF3;rica, pot&#xE1;sica, c&#xE1;lcica, magn&#xE9;sica y de micronutrientes --
16.Problem&#xE1;tica de los metales pesados en la utilizac&#xF3;n de compost --
17.Riesgos que presentan los pat&#xF3;genos humanos en la utilizaci&#xF3;n de compost: controles y precauciones a tomar --
18. La agencia de Protecci&#xF3;n Ambiental de Estados Unidos. Normativa sobre producci&#xF3;n y utilizaci&#xF3;n del compost.</subfield>
  </datafield>
  <datafield tag="590" ind1=" " ind2=" ">
    <subfield code="a">BATCH-UPD</subfield>
    <subfield code="b">10</subfield>
    <subfield code="c">20130110</subfield>
  </datafield>
  <datafield tag="590" ind1=" " ind2=" ">
    <subfield code="a">CONVERSION</subfield>
    <subfield code="b">10</subfield>
    <subfield code="c">20130109</subfield>
  </datafield>
  <datafield tag="650" ind1="1" ind2="4">
    <subfield code="a">Compost.</subfield>
    <subfield code="9">26105</subfield>
  </datafield>
  <datafield tag="650" ind1="1" ind2="4">
    <subfield code="a">Horticultura.</subfield>
    <subfield code="9">56291</subfield>
  </datafield>
  <datafield tag="650" ind1="1" ind2="4">
    <subfield code="a">Sistemas de cultivo.</subfield>
    <subfield code="9">106746</subfield>
  </datafield>
  <datafield tag="700" ind1="0" ind2=" ">
    <subfield code="a">Kahn, Brian A.</subfield>
    <subfield code="9">62592</subfield>
  </datafield>
  <datafield tag="901" ind1=" " ind2=" ">
    <subfield code="a">BK</subfield>
  </datafield>
  <datafield tag="942" ind1=" " ind2=" ">
    <subfield code="c">LIBRO</subfield>
    <subfield code="2">ddc</subfield>
  </datafield>
  <datafield tag="949" ind1=" " ind2=" ">
    <subfield code="a">631.875 S8y</subfield>
    <subfield code="b">BC</subfield>
    <subfield code="c">LIBRO</subfield>
    <subfield code="d">33724002050751</subfield>
    <subfield code="e">LIBRO</subfield>
    <subfield code="f">c..2</subfield>
    <subfield code="g">Ic/e</subfield>
    <subfield code="h">109335</subfield>
    <subfield code="i">106228</subfield>
    <subfield code="s">i</subfield>
    <subfield code="t">$988.00</subfield>
  </datafield>
  <datafield tag="949" ind1=" " ind2=" ">
    <subfield code="a">631.875 S8Y</subfield>
    <subfield code="b">BC</subfield>
    <subfield code="c">LIBRO</subfield>
    <subfield code="d">33724002050850</subfield>
    <subfield code="e">LIBRO</subfield>
    <subfield code="g">Ic/e</subfield>
    <subfield code="h">109334</subfield>
    <subfield code="i">106228</subfield>
    <subfield code="s">i</subfield>
    <subfield code="t">$988.00</subfield>
  </datafield>
  <datafield tag="999" ind1=" " ind2=" ">
    <subfield code="c">94629</subfield>
    <subfield code="d">94629</subfield>
  </datafield>
  <datafield tag="952" ind1=" " ind2=" ">
    <subfield code="0">0</subfield>
    <subfield code="1">0</subfield>
    <subfield code="2">ddc</subfield>
    <subfield code="4">0</subfield>
    <subfield code="5">2</subfield>
    <subfield code="7">0</subfield>
    <subfield code="8">GRAL</subfield>
    <subfield code="a">BC</subfield>
    <subfield code="b">BC</subfield>
    <subfield code="c">PP_GRAL</subfield>
    <subfield code="d">2019-12-31</subfield>
    <subfield code="e">Ic/e</subfield>
    <subfield code="f">LIBRO</subfield>
    <subfield code="l">0</subfield>
    <subfield code="o">631.875 S8Y</subfield>
    <subfield code="p">33724002050850</subfield>
    <subfield code="r">2019-12-31 00:00:00</subfield>
    <subfield code="w">2019-12-31</subfield>
    <subfield code="y">LIBRO</subfield>
  </datafield>
  <datafield tag="952" ind1=" " ind2=" ">
    <subfield code="0">0</subfield>
    <subfield code="1">0</subfield>
    <subfield code="2">ddc</subfield>
    <subfield code="4">0</subfield>
    <subfield code="5">2</subfield>
    <subfield code="7">0</subfield>
    <subfield code="8">GRAL</subfield>
    <subfield code="a">BC</subfield>
    <subfield code="b">BC</subfield>
    <subfield code="c">PP_GRAL</subfield>
    <subfield code="d">2019-12-31</subfield>
    <subfield code="e">Ic/e</subfield>
    <subfield code="f">LIBRO</subfield>
    <subfield code="l">0</subfield>
    <subfield code="o">631.875 S8y</subfield>
    <subfield code="p">33724002050751</subfield>
    <subfield code="r">2019-12-31 00:00:00</subfield>
    <subfield code="t">c..2</subfield>
    <subfield code="w">2019-12-31</subfield>
    <subfield code="y">LIBRO</subfield>
  </datafield>
  <datafield tag="952" ind1=" " ind2=" ">
    <subfield code="0">0</subfield>
    <subfield code="1">0</subfield>
    <subfield code="2">ddc</subfield>
    <subfield code="4">0</subfield>
    <subfield code="5">3</subfield>
    <subfield code="7">0</subfield>
    <subfield code="8">GRAL</subfield>
    <subfield code="a">PA</subfield>
    <subfield code="b">PA</subfield>
    <subfield code="d">2024-11-18</subfield>
    <subfield code="e">Compra</subfield>
    <subfield code="f">Libro</subfield>
    <subfield code="i">Consumo</subfield>
    <subfield code="l">0</subfield>
    <subfield code="o">PA 631.875 S8y</subfield>
    <subfield code="p">4102004054</subfield>
    <subfield code="r">2024-11-18 14:46:52</subfield>
    <subfield code="t">Ej.2</subfield>
    <subfield code="w">2024-11-18</subfield>
    <subfield code="y">LIBRO</subfield>
  </datafield>
</record>
